[Event "IND-ch U15 Girls 38th"]
[Site "New Delhi"]
[Date "2022.11.29"]
[Round "2"]
[White "Keerti, Shree Reddy"]
[Black "Olivia, Biswas"]
[Result "0-1"]
[WhiteElo "1673"]
[BlackElo "1377"]
[PlyCount "122"]
[EventDate "2022.11.28"]
[EventType "swiss"]
[EventRounds "11"]
[EventCountry "IND"]
[SourceTitle "CBM 211 Extra"]
[Source "ChessBase"]
[SourceDate "2023.01.31"]
[SourceVersion "1"]
[SourceVersionDate "2023.01.31"]
[SourceQuality "1"]

1. e4 g6 2. d4 Bg7 3. Nc3 d6 4. Be3 Nf6 5. f3 Nbd7 6. Qd2 0-0 7. Bh6 c5 8. d5 a6 9. g4 Ne5 10. h4 b5 11. Bxg7 Kxg7 12. g5 Nh5 13. f4 Ng4 14. Nce2 e6 15. Bh3 exd5 16. Qxd5 Be6 17. Qd2 f5 18. exf5 Bxf5 19. Bxg4 Bxg4 20. 0-0-0 Ra7 21. Rh2 Rd7 22. Rf2 b4 23. Rdf1 Be6 24. Kb1 a5 25. Nf3 a4 26. c3 b3 27. a3 Kg8 28. Ne1 Ng7 29. Ng3 Nf5 30. Nxf5 Rxf5 31. Ng2 Rf8 32. Ne3 Qa8 33. Qd3 Bf5 34. Nxf5 Rxf5 35. Re2 Kg7 36. Re4 d5 37. Re2 Rdf7 38. Qe3 Qc6 39. Kc1 d4 40. Qg3 Qd5 41. Ref2 c4 42. cxd4 Qxd4 43. Rd2 Qe4 44. Qc3+ Kg8 45. Rd4 Qe2 46. Qxc4 Qe3+ 47. Kb1 Ra5 48. Re4 Qc5 49. Qxc5 Rxc5 50. Rxa4 Rb7 51. Rd4 Kf7 52. Re1 Rf5 53. Re3 Kg7 54. Red3 Kf8 55. Re4 Kf7 56. Kc1 Rc5+ 57. Rc3 Rd5 58. Rec4 Ke6 59. Rc5 Rd4 60. R3c4 Rd3 61. Re5+ Kd6 0-1